00402nam a2200133Ia 4500003000400000005001700004008004100021040001800062041000800080100005100088110001900139245009000158260002000248OSt20230602103047.0211028s2012 xx 000 0 und d cAIMIT LIBRARY aeng aJacob, Nisha Suzanne; Prabhu, Aravind.e101921 aAravind Prabhu aERP solution for ayurvedic medicine manufacturing unit: production management system. aMangalorec2012